00551nam a2200169Ia 4500003000900000008004100009040001600050080002500066110003300091245011900124260005000243300000900293500001900302650002100321650001800342650002100360IN-BaIIA211028s9999 xx 000 0 eng d cIIA Library a083.7:669.738.7bISI aIndian Standards Institution 0aIndian standard specification for electroplated coating of cadmium on iron and steelcIndian Standards Institution aNew DelhibIndian Standards Institutionc1968 a10p. aIS 1572 : 1968 a Electroplating a Standards  aNASA Thesaurus